Χρίστος Καράς
Αποθηκεύτηκε σε:
| Κύριος συγγραφέας: | |
|---|---|
| Μορφή: | Βιβλίο |
| Γλώσσα: | Greek |
| Δημοσίευση: |
Αθήνα :
Κ. Αδάμ,
2006.
|
| Σειρά: | Σύγχρονη εικαστική βιβλιοθήκη
|
| Θέματα: | |
| Ετικέτες: |
Προσθήκη ετικέτας
Δεν υπάρχουν, Καταχωρήστε ετικέτα πρώτοι!
|
MARC
| LEADER | 00000cam a2200000 i 4500 | ||
|---|---|---|---|
| 001 | 1/84242 | ||
| 008 | 080509s2006 gr | ||| |||| ||gre|| | ||
| 020 | |a 9606689077 | ||
| 035 | |l 10097140 | ||
| 040 | |a GR-MyUa |b gre |e AACR2 | ||
| 041 | 0 | |a gre | |
| 082 | 7 | |a 700.92 |2 (22) | |
| 100 | 1 | |a Μπόλης, Γιάννης, |d 1966- | |
| 245 | 1 | 0 | |a Χρίστος Καράς / |c Γιάννης Μπόλης. |
| 260 | |a Αθήνα : |b Κ. Αδάμ, |c 2006. | ||
| 300 | |a 205 σ. : |b έγχρ. εικ. ; |c 23 εκ. | ||
| 490 | 1 | |a (Σύγχρονη εικαστική βιβλιοθήκη) | |
| 504 | |a Βιβλιογραφία: σ. [206]-[208]. | ||
| 600 | 1 | 0 | |a Καράς, Χρίστος, |d 1930- |
| 650 | 0 | |a Painters |z Greece |y 20th century. | |
| 830 | 0 | |a Σύγχρονη εικαστική βιβλιοθήκη | |
| 852 | |a INST |b SYROS |e 20080509 |h 700.92 ΚΑΡ |p 005500006004 |q 005500006004 |t BK |y 0 | ||
| 901 | |a BIBL5-2008-2 | ||
| 922 | |a 5ΕΛΗ |b 200711 |c ΕΠΕΑΕΚ2/ΤΜΣΠΣ |d Σ. Πατάκης | ||
| 970 | |a Κοντού |b Παρασκευή |z 09/05/2008 | ||